Datum a čas kvízu
30
Celkem bodů
Celkový počet nahraných bodů na tomto kvízu bez doplňovacích otázek.
8.
Pořadí na kvízu
Konečné umístění týmu na tomto kvízu.
Zaznamenané odpovědi
| # | Otázka | Odpověď | Body | Výsledky |
|---|---|---|---|---|
| 1. | Čím na sebe minulý týden upozo... | netradičním představováním mluvčích na tiskovce | 0 | |
| 2. | Která celosvětově používaná mo... | 1 | ||
| 3. | Do Prahy se po šesti letech vr... | The Cure | 1 | |
| 4. | Jistý nadnárodní výrobce sport... | Adidas | 1 | |
| 5. | Jedna naše sportovkyně minulý... | Zuzana Hejnová | 1 | |
| 6. | Závěrem října se ve velké část... | Samhain | 0 | |
| 7. | Opomenout slavný horror Hallow... | Michael Myers, John Carpenter | 0 | |
| 8. | K svátku Halloween patří neodm... | patizon, cuketa (cukína) | 1 | |
| 9. | K Halloweenským zvykům patří v... | Trick or treat | 1 | |
| 10. | Halloween rády slaví i celebri... | Heidi Klum | 1 |